Podział administracyjny Andory - Statystyki

Ogólne statystyki
  • Ten quiz został rozwiązany 145 razy
  • Średni wynik to 3 z 7
Odpowiedzi na mapie
Odpowiedzi zakodowano w zielono-czerwonej skali na mapie do tego quizu, zgodnie z poniższymi procentami.
 
Statystyki odpowiedzi
Mieszkańcy
na 2014
Odpowiedż % Poprawnych
22 615 Andora
96%
12 041 Encamp
42%
4 270 Canillo
38%
10 076 La Massana
33%
4 675 Ordino
33%
9 270 Sant Julià de Lòria
33%
14 002 Escaldes-Engordany
21%
Nie znaleziono quizów pasujących do podanych kryteriów
Rozkład punktacji
Procent ludzi z każdym wynikiem
Percentyl według liczby udzielonych odpowiedzi
Twoja historia wyników
Nie rozwiązałeś tego quizu